| 000 | 00442nam a2200181Ia 4500 | ||
|---|---|---|---|
| 003 | GCL | ||
| 008 | 140319s9999 xx 000 0 eng d | ||
| 040 |
_aGCL / _cGCL |
||
| 082 | 0 | 4 |
_a355.027 _bB C |
| 100 | 1 | _aBLAINEY, GEOFFREY | |
| 245 | 1 | 0 |
_aTHE CAUSES OF WAR / _cBLAINEY, GEOFFREY |
| 260 |
_a[S.N] : _bTHE FREE PRESS ، _c1973 |
||
| 300 | _a278 PP | ||
| 650 | 0 | 4 | _aNEUTRALIZATION |
| 650 | 0 | 4 | _aPEACE |
| 650 | 0 | 4 | _aWAR |
| 942 |
_2ddc _cBK |
||
| 999 |
_c19145 _d19145 |
||